<?xml version="1.0" encoding="UTF-8"?>
<record
    xmlns:xsi="http://www.w3.org/2001/XMLSchema-instance"
    xsi:schemaLocation="http://www.loc.gov/MARC21/slim http://www.loc.gov/standards/marcxml/schema/MARC21slim.xsd"
    xmlns="http://www.loc.gov/MARC21/slim">

  <leader>00876nam a22002057a 4500</leader>
  <controlfield tag="008">141002t        mx||||| |||| 00| 0 spa d</controlfield>
  <datafield tag="020" ind1=" " ind2=" ">
    <subfield code="a">9703214096</subfield>
  </datafield>
  <datafield tag="050" ind1="0" ind2="4">
    <subfield code="a">PM3115</subfield>
    <subfield code="b">L46 2003</subfield>
  </datafield>
  <datafield tag="245" ind1="0" ind2="4">
    <subfield code="a">Las lenguas del Chiapas colonial  :</subfield>
    <subfield code="b">manuscritos /</subfield>
    <subfield code="c">Edici&#xF3;n y paleograf&#xED;a Mario Humberto Ruz y Claudia Margarita B&#xE1;ez.</subfield>
  </datafield>
  <datafield tag="250" ind1=" " ind2=" ">
    <subfield code="a">1a ed.</subfield>
  </datafield>
  <datafield tag="260" ind1=" " ind2=" ">
    <subfield code="a">M&#xE9;xico :</subfield>
    <subfield code="b">Universidad Nacional Aut&#xF3;noma de M&#xE9;xico, Instituto de Investigaciones Filol&#xF3;gicas, </subfield>
    <subfield code="c">2003</subfield>
  </datafield>
  <datafield tag="300" ind1=" " ind2=" ">
    <subfield code="a">v. : </subfield>
    <subfield code="b">il. ; </subfield>
    <subfield code="c">28 cm.</subfield>
  </datafield>
  <datafield tag="504" ind1=" " ind2=" ">
    <subfield code="a">incluye bibliograf&#xED;a  e &#xED;ndice</subfield>
  </datafield>
  <datafield tag="505" ind1=" " ind2=" ">
    <subfield code="a">Contenido :</subfield>
    <subfield code="g">v.3.|t Lengua chiapaneca</subfield>
  </datafield>
  <datafield tag="650" ind1=" " ind2="4">
    <subfield code="a">Indios de M&#xE9;xico </subfield>
    <subfield code="z">Chiapas</subfield>
    <subfield code="v">Lenguaje </subfield>
    <subfield code="x">Manuscritos </subfield>
  </datafield>
  <datafield tag="700" ind1="1" ind2=" ">
    <subfield code="a">Ruz, Mario Humberto, </subfield>
    <subfield code="q">ed.</subfield>
  </datafield>
  <datafield tag="700" ind1="1" ind2=" ">
    <subfield code="a">B&#xE1;ez, Claudia Margarita,</subfield>
    <subfield code="q">ed. </subfield>
  </datafield>
  <datafield tag="710" ind1="2" ind2=" ">
    <subfield code="a">Universidad Nacional Aut&#xF3;noma de M&#xE9;xico, Instituto de Investigaciones Filol&#xF3;gicas.</subfield>
  </datafield>
  <datafield tag="942" ind1=" " ind2=" ">
    <subfield code="2">lcc</subfield>
    <subfield code="c">LIB</subfield>
  </datafield>
  <datafield tag="999" ind1=" " ind2=" ">
    <subfield code="c">63071</subfield>
    <subfield code="d">63071</subfield>
  </datafield>
  <datafield tag="952" ind1=" " ind2=" ">
    <subfield code="1">0</subfield>
    <subfield code="2">lcc</subfield>
    <subfield code="4">0</subfield>
    <subfield code="7">0</subfield>
    <subfield code="a">LIC-046</subfield>
    <subfield code="b">LIC-046</subfield>
    <subfield code="c">GENERAL</subfield>
    <subfield code="d">2014-10-02</subfield>
    <subfield code="e">Rec. Esc.</subfield>
    <subfield code="h">LLH000005184</subfield>
    <subfield code="k">Educaci&#xF3;n y humanidades</subfield>
    <subfield code="o">PM3115 L46 2003</subfield>
    <subfield code="p">LLH000005184</subfield>
    <subfield code="r">2015-01-16 00:00:00</subfield>
    <subfield code="t">C:1</subfield>
    <subfield code="y">LIB</subfield>
    <subfield code="z">General</subfield>
  </datafield>
</record>
